[Event "Guernsey Open"]
[Site "Guernsey GCI"]
[Date "2006.10.15"]
[Round "1"]
[White "Borland, Tom"]
[Black "Cornelisse, Johnny JA"]
[Result "0-1"]
[WhiteElo "2018"]
[BlackElo "2196"]
[PlyCount "84"]
[EventDate "2006.10.15"]

1. d4 d6 2. Nf3 Bg4 3. e4 Nf6 4. Nc3 c5 5. d5 g6 6. Be2 Bg7 7. O-O O-O 8. Nd2
Bxe2 9. Qxe2 Na6 10. Nc4 Nc7 11. a4 Rb8 12. Bd2 Re8 13. Qd3 Ng4 14. h3 Ne5 15.
Nxe5 dxe5 16. Be3 Na6 17. Nb5 Ra8 18. Rfd1 Qd7 19. Qc4 Rec8 20. Rd2 b6 21. Rad1
Rd8 22. c3 h6 23. Kh2 Kh7 24. f4 Nc7 25. Nxc7 Qxc7 26. g3 Rac8 27. Qf1 Kg8 28.
fxe5 Qxe5 29. Qf4 g5 30. Qxe5 Bxe5 31. c4 Rd6 32. Rf1 Rf6 33. Rxf6 Bxf6 34. b3
Be5 35. Re2 Kg7 36. Kg2 Kg6 37. Bc1 Rf8 38. g4 h5 39. Rf2 hxg4 40. hxg4 Rh8 41.
Rf5 f6 42. Rf2 Rh4 0-1

[Event "Guernsey Open"]
[Site "Guernsey GCI"]
[Date "2006.10.15"]
[Round "1"]
[White "Reijneveld, Ad"]
[Black "Jamieson, Ian"]
[Result "0-1"]
[WhiteElo "2176"]
[BlackElo "2014"]
[PlyCount "46"]
[EventDate "2006.10.15"]

1. Nc3 d5 2. d4 Nf6 3. Bg5 e6 4. e4 Bb4 5. e5 h6 6. Bd2 Bxc3 7. bxc3 Ne4 8. Qg4
g6 9. h4 c5 10. Bd3 Nxd2 11. Kxd2 Nc6 12. Nh3 Qa5 13. h5 g5 14. dxc5 Bd7 15.
Rab1 O-O-O 16. Qg3 d4 17. Rhe1 dxc3+ 18. Ke2 Nd4+ 19. Kf1 Bb5 20. Bxb5 Nxb5 21.
f3 Nd4 22. Qf2 Qxc5 23. f4 Qc4+ 0-1

[Event "Guernsey Open"]
[Site "Guernsey GCI"]
[Date "2006.10.15"]
[Round "1"]
[White "Murray, Steve"]
[Black "Collier, David O"]
[Result "0-1"]
[WhiteElo "2017"]
[BlackElo "2175"]
[PlyCount "82"]
[EventDate "2006.10.15"]

1. e4 e6 2. d4 d5 3. Nd2 dxe4 4. Nxe4 Nd7 5. Nf3 Ngf6 6. Nxf6+ Nxf6 7. Bd3 Be7
8. O-O O-O 9. Re1 b6 10. c3 Bb7 11. Bg5 Rc8 12. Qe2 c5 13. dxc5 Rxc5 14. Bh4
Qa8 15. Bxf6 Bxf6 16. Be4 Bxe4 17. Qxe4 Rd5 18. Qe2 Rfd8 19. Rad1 g6 20. h3 Qc6
21. Rxd5 Qxd5 22. c4 Qd6 23. b3 h5 24. Kf1 Kf8 25. Qe3 Ke7 26. Qe2 g5 27. Ne5
Bxe5 28. Qxe5 Qxe5 29. Rxe5 Kf6 30. Re2 Rd1+ 31. Re1 Rxe1+ 32. Kxe1 Ke5 33. Kd2
Kd4 34. Kc2 f5 35. Kd2 e5 36. Kc2 e4 37. Kd2 f4 38. f3 e3+ 39. Kc2 a6 40. a3 a5
41. a4 h4 0-1

[Event "Guernsey Open"]
[Site "Guernsey GCI"]
[Date "2006.10.15"]
[Round "1"]
[White "Dodgson, John A"]
[Black "Gravett, Alan D"]
[Result "0-1"]
[WhiteElo "2172"]
[BlackElo "1972"]
[PlyCount "58"]
[EventDate "2006.10.15"]

1. e4 c5 2. Nf3 Nf6 3. e5 Nd5 4. Nc3 e6 5. Nxd5 exd5 6. d4 Nc6 7. dxc5 Bxc5 8.
Bd3 d6 9. exd6 Qxd6 10. O-O Bg4 11. Re1+ Ne7 12. Bg5 f6 13. Bh4 O-O 14. h3 Bf5
15. Rxe7 Bxd3 16. Rxb7 Ba6 17. Bg3 Bxf2+ 18. Bxf2 Bxb7 19. Nd4 a6 20. Qd3 Rfe8
21. Nf5 Qf4 22. Rd1 Re4 23. g4 Qe5 24. c3 Re2 25. Bg3 Qe4 26. Qxe4 dxe4 27. Rd7
Rxb2 28. Rxg7+ Kh8 29. Bh4 Rd8 0-1

[Event "Guernsey Open"]
[Site "Guernsey GCI"]
[Date "2006.10.15"]
[Round "1"]
[White "Morcom, Huw"]
[Black "Vickery, Jim"]
[Result "1/2-1/2"]
[WhiteElo "1967"]
[BlackElo "2155"]
[PlyCount "47"]
[EventDate "2006.10.15"]

1. e4 Nf6 2. e5 Nd5 3. Nc3 Nxc3 4. bxc3 d5 5. d4 c5 6. Nf3 Nc6 7. Be2 e6 8. O-O
Be7 9. Be3 cxd4 10. cxd4 O-O 11. c4 dxc4 12. Bxc4 Nb4 13. Nd2 Nd5 14. Ne4 b6
15. Qh5 Bb7 16. Bd3 g6 17. Qh6 Nxe3 18. fxe3 Bxe4 19. Bxe4 Bg5 20. Qh3 Rc8 21.
Rf3 Rc3 22. Kh1 Qc7 23. Raf1 Rc8 24. g4 1/2-1/2

[Event "Guernsey Open"]
[Site "Guernsey GCI"]
[Date "2006.10.15"]
[Round "1"]
[White "Taylor, Mark"]
[Black "Goman, Colin"]
[Result "1-0"]
[WhiteElo "2152"]
[BlackElo "1889"]
[PlyCount "39"]
[EventDate "2006.10.15"]

1. d4 d6 2. e4 Nf6 3. Nc3 g6 4. Bg5 Bg7 5. Qd2 O-O 6. O-O-O e6 7. Qf4 h6 8.
Bxh6 Nh5 9. Qd2 Re8 10. Be2 Bxh6 11. Qxh6 Ng7 12. h4 e5 13. Nf3 Bg4 14. Ng5
Bxe2 15. Qh7+ Kf8 16. Nd5 Qxg5+ 17. hxg5 f5 18. gxf6 Kf7 19. Qxg7+ Ke6 20.
Nxc7# 1-0

[Event "Guernsey Open"]
[Site "Guernsey GCI"]
[Date "2006.10.15"]
[Round "1"]
[White "Goris Schouwstra, Adri"]
[Black "Thurlow, Kevin J"]
[Result "1/2-1/2"]
[WhiteElo "1879"]
[BlackElo "2140"]
[PlyCount "53"]
[EventDate "2006.10.15"]

1. d4 Nf6 2. Nf3 e6 3. e3 b6 4. c4 Bb7 5. Be2 Be7 6. O-O O-O 7. Nc3 Ne4 8. Nxe4
Bxe4 9. b3 d5 10. Bb2 Nd7 11. Rc1 c5 12. cxd5 exd5 13. dxc5 Nxc5 14. Nd4 Qd6
15. b4 Ne6 16. a3 Bg5 17. Rc6 Qd7 18. Rc1 Bh6 19. Bb5 Qd6 20. Rc6 Qe7 21. Qg4
Nxd4 22. Bxd4 f5 23. Qh3 f4 24. exf4 Bxf4 25. Qe6+ Qxe6 26. Rxe6 Bf5 27. Re7
1/2-1/2

[Event "Guernsey Open"]
[Site "Guernsey GCI"]
[Date "2006.10.15"]
[Round "1"]
[White "Heppell, Ian N"]
[Black "O'Shea, Kevin"]
[Result "1-0"]
[WhiteElo "2138"]
[BlackElo "1874"]
[PlyCount "39"]
[EventDate "2006.10.15"]

1. e4 c5 2. Nf3 g6 3. c3 Bg7 4. d4 cxd4 5. cxd4 d5 6. exd5 Nf6 7. Bb5+ Nbd7 8.
d6 exd6 9. Qe2+ Qe7 10. Qxe7+ Kxe7 11. O-O Re8 12. Bf4 d5 13. Rc1 Rd8 14. Bc7
Re8 15. Nc3 Kf8 16. Ne5 Nxe5 17. dxe5 Nd7 18. Bd6+ Kg8 19. Nxd5 Bxe5 20. Ne7+
1-0

[Event "Guernsey Open"]
[Site "Guernsey GCI"]
[Date "2006.10.15"]
[Round "1"]
[White "Beadle, John"]
[Black "Tan, HB.."]
[Result "0-1"]
[WhiteElo "1950"]
[BlackElo "2125"]
[PlyCount "54"]
[EventDate "2006.10.15"]

1. e4 c5 2. Nf3 d6 3. d4 cxd4 4. Nxd4 Nf6 5. Nc3 g6 6. Be2 Bg7 7. O-O O-O 8.
Be3 Nc6 9. h3 Bd7 10. Qd2 a6 11. a4 Rc8 12. Rfd1 Ne5 13. b3 Bc6 14. Nxc6 Rxc6
15. Rac1 Ned7 16. Bc4 e6 17. Kh1 Nb6 18. Bd3 Ng4 19. Ne2 Nxe3 20. Qxe3 Qh4 21.
Nd4 Bh6 22. Qe2 Bxc1 23. Nxc6 Ba3 24. Nd4 Bc5 25. c3 e5 26. b4 exd4 27. bxc5
Nxa4 0-1

[Event "Guernsey Open"]
[Site "Guernsey GCI"]
[Date "2006.10.15"]
[Round "1"]
[White "Wismayer, Clive R"]
[Black "Downey, Keith"]
[Result "1-0"]
[WhiteElo "2124"]
[BlackElo "1872"]
[PlyCount "43"]
[EventDate "2006.10.15"]

1. e4 c5 2. Nf3 e6 3. Nc3 a6 4. d4 cxd4 5. Nxd4 Qc7 6. Bd3 Nf6 7. O-O b5 8. a4
b4 9. Na2 Bb7 10. Qe2 Nc6 11. Nf3 d6 12. Bd2 a5 13. c3 d5 14. e5 Nd7 15. Bb5
bxc3 16. Nxc3 Be7 17. Rac1 O-O 18. Rfe1 Nc5 19. Be3 Nxe5 20. Nxe5 Qxe5 21. Bxc5
Qxe2 22. Nxe2 1-0

[Event "Guernsey Open"]
[Site "Guernsey GCI"]
[Date "2006.10.15"]
[Round "1"]
[White "Reutimann, Hans Peter"]
[Black "Middleton, Tom"]
[Result "1/2-1/2"]
[WhiteElo "1791"]
[BlackElo "2100"]
[PlyCount "65"]
[EventDate "2006.10.15"]

1. d4 Nf6 2. Nf3 g6 3. Bf4 Bg7 4. e3 d6 5. Nbd2 Nbd7 6. h3 O-O 7. Be2 Qe8 8.
Bg5 h6 9. Bxf6 Bxf6 10. O-O e5 11. c3 Bg7 12. Re1 Kh7 13. Qc2 f5 14. dxe5 dxe5
15. Rad1 Nf6 16. e4 f4 17. Nc4 Nd7 18. Qa4 Qe7 19. b4 Nb6 20. Nxb6 cxb6 21. Bb5
Be6 22. Bd7 Bg8 23. a3 a6 24. b5 a5 25. Rd2 Rfd8 26. Red1 Bf8 27. Qc2 Qf6 28.
a4 Bc5 29. h4 Kh8 30. Bh3 Rxd2 31. Rxd2 Re8 32. Qd1 Re7 33. Rd8 1/2-1/2

[Event "Guernsey Open"]
[Site "Guernsey GCI"]
[Date "2006.10.15"]
[Round "1"]
[White "Pickersgill, Adrian"]
[Black "Short, Stephen"]
[Result "0-1"]
[WhiteElo "2093"]
[BlackElo "1835"]
[PlyCount "46"]
[EventDate "2006.10.15"]

1. e4 e5 2. Nf3 Nc6 3. Bb5 f5 4. Nc3 Nf6 5. exf5 e4 6. Qe2 Qe7 7. Bxc6 dxc6 8.
Nd4 Qe5 9. Ne6 Bxe6 10. fxe6 Bd6 11. d3 exd3 12. Qxe5 Bxe5 13. cxd3 O-O-O 14.
Ke2 Rhe8 15. Be3 Rxe6 16. h3 Nd5 17. Nxd5 cxd5 18. Rab1 Rf8 19. Kf1 d4 20. Bd2
Bg3 21. Be1 Bxf2 22. Bxf2 Ref6 23. Ke1 Rxf2 0-1

[Event "Guernsey Open"]
[Site "Guernsey GCI"]
[Date "2006.10.15"]
[Round "1"]
[White "O'Toole, George E"]
[Black "Von Saldern, Ruediger"]
[Result "1-0"]
[WhiteElo "1935"]
[BlackElo "2090"]
[PlyCount "55"]
[EventDate "2006.10.15"]

1. e4 e5 2. Nf3 Nc6 3. Bb5 a6 4. Bxc6 dxc6 5. O-O Bg4 6. h3 Bxf3 7. Qxf3 Qf6 8.
Qxf6 Nxf6 9. d3 Bd6 10. Nd2 O-O-O 11. Nc4 Nd7 12. f4 f6 13. fxe5 Nxe5 14. Nxd6+
cxd6 15. Bf4 Rhe8 16. Rae1 d5 17. exd5 Rxd5 18. Re4 Kd7 19. Rfe1 Re7 20. Bxe5
fxe5 21. R1e3 Kd6 22. Kf2 Rb5 23. b3 c5 24. Rh4 g6 25. Rf3 Ke6 26. Rc4 Kd5 27.
Rf6 Rb4 28. c3 1-0

[Event "Guernsey Open"]
[Site "Guernsey GCI"]
[Date "2006.10.15"]
[Round "1"]
[White "Taylor, Philip"]
[Black "Donoghue, John"]
[Result "1-0"]
[WhiteElo "2082"]
[BlackElo "1803"]
[PlyCount "75"]
[EventDate "2006.10.15"]

1. e4 c5 2. Nf3 e6 3. d4 cxd4 4. Nxd4 a6 5. c4 Nf6 6. Nc3 Bb4 7. Qc2 Qc7 8. a3
Bxc3+ 9. Qxc3 Nxe4 10. Nb5 axb5 11. Qxg7 Rf8 12. Bh6 Qc5 13. f3 Nf2 14. b4 Qe7
15. Kxf2 bxc4 16. Qxf8+ Qxf8 17. Bxf8 Kxf8 18. Bxc4 d5 19. Bb5 Bd7 20. a4 Ke7
21. Rhc1 Kd6 22. g4 e5 23. h4 d4 24. Bd3 h6 25. b5 b6 26. g5 hxg5 27. hxg5 Be6
28. Be4 Ra7 29. Ke1 Bd5 30. Ra3 Nd7 31. Bxd5 Kxd5 32. Rc6 e4 33. fxe4+ Kxe4 34.
g6 fxg6 35. Rxg6 Nc5 36. Rxb6 Rxa4 37. Rxa4 Nxa4 38. Rh6 1-0

[Event "Guernsey Open"]
[Site "Guernsey GCI"]
[Date "2006.10.15"]
[Round "1"]
[White "Pollard, Matthew"]
[Black "Westerkamp, Bert"]
[Result "0-1"]
[WhiteElo "1930"]
[BlackElo "2081"]
[PlyCount "72"]
[EventDate "2006.10.15"]

1. Nf3 Nf6 2. g3 b6 3. Bg2 Bb7 4. O-O e6 5. d3 d6 6. e4 Be7 7. h3 O-O 8. Be3 c5
9. Re1 Nbd7 10. a4 a6 11. Nbd2 b5 12. Nh2 Qc7 13. f4 Bc6 14. g4 bxa4 15. g5 Ne8
16. h4 f5 17. Bh3 Bb5 18. Nc4 d5 19. exd5 exd5 20. Bd2 Bd6 21. Ba5 Qb7 22. Rxe8
dxc4 23. Rxf8+ Rxf8 24. dxc4 Bxf4 25. Bc3 Ne5 26. Qe2 Bxh2+ 27. Kxh2 Nf3+ 28.
Kg3 Qc7+ 29. Kf2 Qh2+ 30. Bg2 Qxh4+ 31. Kf1 Re8 32. Qxe8+ Bxe8 33. Bxf3 Qxc4+
34. Kg2 Qf4 35. Rg1 Qxg5+ 36. Kf2 Qh4+ 0-1

[Event "Guernsey Open"]
[Site "Guernsey GCI"]
[Date "2006.10.15"]
[Round "1"]
[White "De Kruif, Kees"]
[Black "Heath, Jeffrey"]
[Result "1/2-1/2"]
[WhiteElo "2080"]
[BlackElo "1926"]
[PlyCount "24"]
[EventDate "2006.10.15"]

1. b4 e5 2. Bb2 d6 3. e3 Nf6 4. c4 Bf5 5. Be2 Nbd7 6. a3 Be7 7. d3 c6 8. Nf3 a5
9. Nc3 O-O 10. O-O axb4 11. axb4 Rxa1 12. Qxa1 Qa8 1/2-1/2

[Event "Guernsey Open"]
[Site "Guernsey GCI"]
[Date "2006.10.15"]
[Round "1"]
[White "Cross, Ian K"]
[Black "Fassaert, Desire JM"]
[Result "0-1"]
[WhiteElo "1890"]
[BlackElo "2078"]
[PlyCount "136"]
[EventDate "2006.10.15"]

1. d4 Nf6 2. e3 d5 3. f4 Bf5 4. Nf3 e6 5. Bd3 Bxd3 6. Qxd3 Nbd7 7. Nbd2 g6 8.
O-O Bg7 9. Ne5 O-O 10. Ndf3 Ne4 11. c4 c6 12. cxd5 cxd5 13. Nxd7 Qxd7 14. Nd2
f5 15. b3 Rfc8 16. Bb2 Nxd2 17. Qxd2 Rc6 18. Rfc1 Rac8 19. Rxc6 Rxc6 20. Rc1
Qc7 21. Rxc6 Qxc6 22. Kf2 Bf8 23. Qc3 Qxc3 24. Bxc3 Kf7 25. Ke2 Bd6 26. a4 h6
27. b4 g5 28. Kf3 Kg6 29. h3 Kh5 30. g3 Kg6 31. g4 fxg4+ 32. hxg4 h5 33. gxh5+
Kxh5 34. fxg5 Kxg5 35. e4 Bf4 36. Be1 Bc1 37. b5 a6 38. Ba5 Kf6 39. Bd8+ Kf7
40. Bb6 Bg5 41. bxa6 bxa6 42. exd5 exd5 43. Ke2 Ke6 44. Kd3 Kd6 45. Kc3 Kc6 46.
a5 Kb5 47. Bc7 Be7 48. Kb3 Bb4 49. Bb6 Bxa5 50. Bc5 Bd2 51. Bd6 a5 52. Bc5 Bb4
53. Ba7 a4+ 54. Kb2 Kc4 55. Ka2 Bc3 56. Ka3 Bxd4 57. Bb8 Kb5 58. Bf4 Bc5+ 59.
Kb2 Kc4 60. Bg5 a3+ 61. Ka2 d4 62. Bf6 d3 63. Bg5 Kc3 64. Bf6+ Kc2 65. Bg5 d2
66. Bxd2 Kxd2 67. Ka1 Kc2 68. Ka2 Kc3 0-1

[Event "Guernsey Open"]
[Site "Guernsey GCI"]
[Date "2006.10.15"]
[Round "1"]
[White "Goris, Ton"]
[Black "Brookfield, Toby"]
[Result "1-0"]
[WhiteElo "2077"]
[BlackElo "1715"]
[PlyCount "55"]
[EventDate "2006.10.15"]

1. e4 e5 2. Nf3 d5 3. exd5 Bd6 4. d4 e4 5. Ne5 Nf6 6. Nc3 O-O 7. Bg5 Bf5 8. g4
Bg6 9. Bg2 Re8 10. Nxg6 fxg6 11. O-O Nbd7 12. Nxe4 Nb6 13. Qf3 Rf8 14. Qb3 Qd7
15. Bxf6 gxf6 16. c4 Bf4 17. h3 f5 18. Nc5 Qd6 19. Ne6 Bh2+ 20. Kh1 Nxc4 21.
Qxc4 fxg4 22. Qc5 h5 23. Qxd6 Bxd6 24. Nxf8 Rxf8 25. Rae1 Rf4 26. hxg4 Rxd4 27.
Re4 Rd2 28. gxh5 1-0

[Event "Guernsey Open"]
[Site "Guernsey GCI"]
[Date "2006.10.15"]
[Round "1"]
[White "Van Hoek, Wim"]
[Black "Ozanne, Mark"]
[Result "0-1"]
[WhiteElo "1803"]
[BlackElo "2067"]
[PlyCount "72"]
[EventDate "2006.10.15"]

1. e4 e6 2. d4 d5 3. e5 c5 4. c3 Nc6 5. Nf3 Qb6 6. a3 Nh6 7. Bd3 cxd4 8. cxd4
Bd7 9. Bc2 Nf5 10. Bxf5 exf5 11. Nc3 Be6 12. Na4 Qa6 13. Bd2 b6 14. b4 Qd3 15.
Qe2 Qxe2+ 16. Kxe2 Bd7 17. Nc3 Ne7 18. Rhc1 h6 19. e6 fxe6 20. Ne5 Rc8 21. b5
g5 22. Kd3 Bg7 23. Nxd7 Kxd7 24. f4 g4 25. Ne2 h5 26. a4 h4 27. a5 Rxc1 28.
Bxc1 Rc8 29. axb6 axb6 30. Ra6 Rc4 31. Rxb6 Bxd4 32. Rb7+ Kd6 33. Ba3+ Bc5 34.
Bxc5+ Rxc5 35. Nd4 Rc4 36. Rb6+ Kc5 {(0-1, 47)} 0-1

[Event "Guernsey Open"]
[Site "Guernsey GCI"]
[Date "2006.10.15"]
[Round "1"]
[White "Hickman, John"]
[Black "Warmerdam, Rob"]
[Result "1-0"]
[WhiteElo "2058"]
[BlackElo "1796"]
[PlyCount "63"]
[EventDate "2006.10.15"]

1. e4 c5 2. Nf3 e6 3. d4 cxd4 4. Nxd4 a6 5. Bd3 Nf6 6. O-O Qc7 7. Qe2 d6 8. Nc3
Be7 9. a4 Nbd7 10. Kh1 O-O 11. f4 b6 12. Bd2 Bb7 13. Rae1 Nc5 14. b4 Nxd3 15.
cxd3 Rfd8 16. Rc1 Qd7 17. b5 Rac8 18. Be3 Re8 19. Nf3 axb5 20. Nxb5 Bc6 21. Qb2
Qb7 22. Nfd4 Bd7 23. Bd2 Rxc1 24. Rxc1 Rc8 25. Bb4 Rxc1+ 26. Qxc1 Ng4 27. Kg1
Bxb5 28. Nxb5 d5 29. Bxe7 Qxe7 30. exd5 exd5 31. Qc8+ Qf8 32. Qxg4 1-0

[Event "Guernsey Open"]
[Site "Guernsey GCI"]
[Date "2006.10.15"]
[Round "1"]
[White "Van Ingen, Ton"]
[Black "Burton, Ronnie"]
[Result "1/2-1/2"]
[WhiteElo "1855"]
[BlackElo "2056"]
[PlyCount "138"]
[EventDate "2006.10.15"]

1. d4 g6 2. c4 Bg7 3. Nc3 d6 4. e4 e5 5. Be3 Nc6 6. d5 Nce7 7. Qd2 f5 8. f3 Nf6
9. c5 O-O 10. Rc1 f4 11. Bf2 g5 12. Nb5 b6 13. cxd6 cxd6 14. Qb4 Ne8 15. Nxa7
Rxa7 16. Bxb6 Qd7 17. Bb5 Qb7 18. Bxa7 Qxa7 19. a4 Qe3+ 20. Ne2 g4 21. Qd2 Qb6
22. b4 Bb7 23. Bd7 Nf6 24. a5 Qd8 25. Be6+ Kh8 26. b5 Ng6 27. Qb4 Qb8 28. Nc3
Bc8 29. Bxc8 Rxc8 30. Kd2 Nh4 31. fxg4 Bh6 32. Ke2 f3+ 33. gxf3 Bxc1 34. Rxc1
Rc5 35. b6 Qb7 36. Ra1 Qa6+ 37. Ke3 Ng2+ 38. Kf2 Nf4 39. b7 Nd3+ 40. Ke3 Nxb4
41. b8=Q+ Qc8 42. Qxc8+ Rxc8 43. Kd2 Ne8 44. a6 Ra8 45. a7 Nc7 46. Ra5 Nba6 47.
Nb5 Nxb5 48. Rxa6 Rxa7 49. Rb6 Nd4 50. Rxd6 Nxf3+ 51. Ke3 Nxh2 52. g5 Rg7 53.
Re6 Rd7 54. Kf2 Kg7 55. Kg2 Ng4 56. Kg3 Ne3 57. Rxe5 Nc4 58. Re6 Kf7 59. Kf4
Kg7 60. Kf3 Kf7 61. Ke2 Rd6 62. Rxd6 Nxd6 63. Ke3 Ke7 64. Kf4 Nf7 65. e5 Nd8
66. Kf5 Nb7 67. d6+ Kd7 68. Kf6 Nc5 69. Kg7 Ne4 1/2-1/2

[Event "Guernsey Open"]
[Site "Guernsey GCI"]
[Date "2006.10.15"]
[Round "1"]
[White "Spanton, Timothy R"]
[Black "Heymuth, Marcel"]
[Result "1-0"]
[WhiteElo "2051"]
[BlackElo "1712"]
[PlyCount "151"]
[EventDate "2006.10.15"]

1. c4 Nf6 2. g3 g6 3. Nc3 Bg7 4. Bg2 O-O 5. e4 d6 6. Nge2 c5 7. O-O Nc6 8. f4
Bg4 9. h3 Bxe2 10. Nxe2 Qb6 11. d3 Nh5 12. g4 Nf6 13. Rb1 Nd7 14. b3 a5 15. Bb2
Bxb2 16. Rxb2 a4 17. Qb1 a3 18. Rd2 Qa5 19. Qd1 e5 20. Ng3 exf4 21. Rxf4 Nde5
22. Rf6 Rad8 23. Qc1 Nd4 24. Rd1 Kg7 25. g5 h5 26. Qf4 Ne6 27. Qe3 Qc3 28. Ne2
Qa5 29. Rdf1 Qc7 30. Nc3 Nd7 31. Nd5 Qa5 32. R6f2 Nc7 33. Nf6 Qc3 34. Qe2 Nxf6
35. Rxf6 Ne6 36. h4 Rd7 37. Bh3 Re7 38. Bxe6 Rxe6 39. Qf2 Rxf6 40. Qxf6+ Qxf6
41. Rxf6 Rd8 42. Kf2 Rd7 43. Ke3 Kf8 44. Kd2 Ke7 45. Kc3 Rc7 46. b4 b6 47. d4
cxd4+ 48. Kxd4 Rb7 49. Kd5 b5 50. c5 dxc5 51. Kxc5 Rd7 52. Rf3 Rd2 53. Rxa3 Rh2
54. Kxb5 Rxh4 55. Re3 Rg4 56. Kc6 Rxg5 57. b5 Rg2 58. Rb3 Rxa2 59. b6 Rc2+ 60.
Kd5 Rd2+ 61. Ke5 Rd8 62. Ra3 f6+ 63. Kf4 Kd6 64. Rg3 g5+ 65. Kf5 Kc6 66. Kxf6
Kxb6 67. Rxg5 Rh8 68. e5 h4 69. e6 h3 70. Rg1 Rh6+ 71. Kf7 h2 72. Rh1 Rh7+ 73.
Kg6 Re7 74. Kf6 Rh7 75. e7 Rh6+ 76. Kg7 1-0

[Event "Guernsey Open"]
[Site "Guernsey GCI"]
[Date "2006.10.16"]
[Round "2"]
[White "Wismayer, Clive R"]
[Black "Hillarp Persson, Tiger"]
[Result "0-1"]
[WhiteElo "2124"]
[BlackElo "2557"]
[PlyCount "88"]
[EventDate "2006.10.15"]

1. e4 c5 2. Nf3 d6 3. Bb5+ Nd7 4. c3 Ngf6 5. e5 dxe5 6. Nxe5 a6 7. Nxd7 Bxd7 8.
Bxd7+ Qxd7 9. O-O e6 10. Qe2 Rd8 11. Na3 b5 12. Rd1 c4 13. b3 Qd3 14. Re1 Qxe2
15. Rxe2 Nd5 16. bxc4 Nf4 17. Re4 Nd3 18. Nc2 Bc5 19. cxb5 Nxf2 20. Rc4 Nd3+
21. Rxc5 Nxc5 22. Ba3 Rxd2 23. Bxc5 Rxc2 24. bxa6 Kd7 25. Bd4 Ra8 26. a7 f6 27.
Rb1 Kc8 28. Rb4 Rxa2 29. Rc4+ Kd7 30. Rb4 e5 31. Be3 R8xa7 32. Bxa7 Rxa7 33.
Kf2 Rc7 34. Rb3 Ke6 35. Ke3 Kf5 36. Ra3 h5 37. Kd3 Rd7+ 38. Ke3 Rc7 39. Kd3 h4
40. h3 g5 41. c4 Kf4 42. Ra6 f5 43. Rf6 e4+ 44. Kc3 Re7 0-1

[Event "Guernsey Open"]
[Site "Guernsey GCI"]
[Date "2006.10.16"]
[Round "2"]
[White "Gofshtein, Leonid D"]
[Black "Taylor, Philip"]
[Result "1-0"]
[WhiteElo "2509"]
[BlackElo "2082"]
[PlyCount "167"]
[EventDate "2006.10.15"]

1. d4 d5 2. c4 dxc4 3. Nf3 Nf6 4. e3 e6 5. Bxc4 c5 6. O-O a6 7. Bb3 cxd4 8.
exd4 Nc6 9. Nc3 Be7 10. Be3 O-O 11. Qe2 b5 12. Rad1 Nb4 13. Ne5 Bb7 14. f4 Nbd5
15. f5 Nxc3 16. bxc3 Bd5 17. Bg5 Rc8 18. Rd3 Ne4 19. Bxe7 Qxe7 20. Re3 Nf6 21.
fxe6 fxe6 22. Nf3 Qd7 23. Ng5 Bxb3 24. axb3 Nd5 25. Rxf8+ Rxf8 26. Rg3 Nf4 27.
Qe4 g6 28. Rf3 e5 29. g3 Qg4 30. Rxf4 exf4 31. Qd5+ Kh8 32. Qe5+ Kg8 33. Qe7
Rf5 34. Qxh7+ Kf8 35. Ne6+ Ke8 36. Ng7+ Kf8 37. Nxf5 gxf5 38. Kf2 fxg3+ 39.
hxg3 Qe4 40. Qh6+ Kg8 41. Qd2 Qd5 42. b4 Kh7 43. Qf4 Qa2+ 44. Ke3 Qc2 45. Qc7+
Kg6 46. Qd6+ Kg5 47. Qe7+ Kg6 48. Qe8+ Kg5 49. Kf3 Kf6 50. Qe5+ Kg6 51. d5 Qd1+
52. Kg2 Qd2+ 53. Kh3 Qh6+ 54. Kg2 Qd2+ 55. Kf3 Qd3+ 56. Kf4 Qd2+ 57. Qe3 Qxd5
58. Qb6+ Kf7 59. Qa7+ Kg6 60. Qb6+ Kf7 61. Kg5 Qe6 62. Qb7+ Kg8 63. Qc7 Kf8 64.
Qf4 Kg7 65. Qd4+ Kf7 66. Qa7+ Kg8 67. Qc5 Kg7 68. Qxf5 Qe3+ 69. Qf4 Qxc3 70. g4
a5 71. bxa5 Qxa5 72. Qe5+ Kg8 73. Qe6+ Kf8 74. Kg6 Qc7 75. Qf5+ Kg8 76. Qd5+
Kf8 77. Qxb5 Qf7+ 78. Kg5 Kg7 79. Qe5+ Kh7 80. Qf5+ Qxf5+ 81. Kxf5 Kg7 82. Kg5
Kh7 83. Kf6 Kg8 84. Kg6 1-0

[Event "Guernsey Open"]
[Site "Guernsey GCI"]
[Date "2006.10.16"]
[Round "2"]
[White "Fassaert, Desire JM"]
[Black "Pinheiro, Jose"]
[Result "0-1"]
[WhiteElo "2078"]
[BlackElo "2336"]
[PlyCount "54"]
[EventDate "2006.10.15"]

1. Nf3 c5 2. g3 g6 3. Bg2 Bg7 4. O-O Nf6 5. c4 O-O 6. Nc3 Nc6 7. b3 d6 8. Bb2
Bd7 9. d4 cxd4 10. Nxd4 Qa5 11. Nd5 Nxd5 12. Nxc6 bxc6 13. Bxg7 Nc3 14. Bxc3
Qxc3 15. e3 Rfb8 16. Qd4 Qxd4 17. exd4 Rb4 18. Be4 a5 19. Rfe1 a4 20. Bc2 Be6
21. Rab1 Ra7 22. Re3 axb3 23. axb3 d5 24. Rc3 dxc4 25. bxc4 Rxb1+ 26. Bxb1 Ra1
27. Rb3 Bf5 0-1

[Event "Guernsey Open"]
[Site "Guernsey GCI"]
[Date "2006.10.16"]
[Round "2"]
[White "Ozanne, Mark"]
[Black "Burrows, Martin"]
[Result "0-1"]
[WhiteElo "2067"]
[BlackElo "2215"]
[PlyCount "67"]
[EventDate "2006.10.15"]

1. e4 c5 2. Nf3 d6 3. d4 cxd4 4. Nxd4 Nf6 5. Nc3 a6 6. Bg5 e6 7. f4 Nc6 8. Qd2
h6 9. Bxf6 Qxf6 10. Nxc6 bxc6 11. O-O-O Qd8 12. Bc4 Be7 13. g4 Rb8 14. h4 Qb6
15. Bb3 a5 16. g5 h5 17. Rde1 Bd7 18. f5 c5 19. f6 gxf6 20. gxf6 Bxf6 21. Ref1
Bg7 22. Qf2 Rf8 23. Rh3 Kd8 24. Qe3 Kc7 25. Rhf3 Bd4 26. Qd3 f6 27. a4 Rg8 28.
Nb5+ Bxb5 29. axb5 Qxb5 30. Qxb5 Rxb5 31. Bxe6 Bxb2+ 32. Kd1 Rg2 33. Rf5 Bd4
34. Kc1 0-1

[Event "Guernsey Open"]
[Site "Guernsey GCI"]
[Date "2006.10.16"]
[Round "2"]
[White "Jamieson, Ian"]
[Black "O'Leary, Matt"]
[Result "0-1"]
[WhiteElo "2014"]
[BlackElo "2200"]
[PlyCount "64"]
[EventDate "2006.10.15"]

1. b3 e5 2. Bb2 Nc6 3. e3 Nf6 4. Bb5 d6 5. Bxc6+ bxc6 6. d3 Be7 7. Ne2 O-O 8.
O-O c5 9. Nd2 Bb7 10. e4 d5 11. exd5 Qxd5 12. Nf3 Bd6 13. Nc3 Qc6 14. Re1 Rfe8
15. Ne4 Nd7 16. Nh4 g6 17. Qg4 Be7 18. Nf5 Bf8 19. Ne3 Bg7 20. Ng5 h6 21. Nh3
f5 22. Qc4+ Kh7 23. f4 exf4 24. Nxf4 Bxb2 25. Qf7+ Bg7 26. Nxf5 Rxe1+ 27. Rxe1
gxf5 28. Qxf5+ Kg8 29. Re6 Rf8 30. Qg6 Ne5 31. Rxc6 Nxg6 32. Rxc7 Rxf4 0-1

[Event "Guernsey Open"]
[Site "Guernsey GCI"]
[Date "2006.10.16"]
[Round "2"]
[White "Cornelisse, Johnny JA"]
[Black "Hickman, John"]
[Result "1/2-1/2"]
[WhiteElo "2196"]
[BlackElo "2058"]
[PlyCount "100"]
[EventDate "2006.10.15"]

1. e4 d6 2. d4 Nf6 3. Nc3 g6 4. f4 Bg7 5. Nf3 c5 6. Bb5+ Bd7 7. e5 Ng4 8. Bxd7+
Nxd7 9. e6 fxe6 10. Ng5 Qa5 11. Nxe6 Bxd4 12. Nxd4 cxd4 13. Qxd4 O-O-O 14. Bd2
Qc5 15. Qxc5+ Nxc5 16. O-O Rhf8 17. Rae1 Kd7 18. Nb5 a6 19. Nd4 Rc8 20. Re2 e5
21. fxe5 Rxf1+ 22. Kxf1 dxe5 23. Nf3 e4 24. Ng5 Nxh2+ 25. Ke1 Ng4 26. b4 e3 27.
Bxe3 Nxe3 28. Rxe3 Na4 29. Kd2 Rc4 30. Nxh7 Rxb4 31. Rb3 Rf4 32. Ke3 Rc4 33.
Rxb7+ Kc6 34. Rg7 Rxc2 35. Rxg6+ Kb5 36. Nf6 Rxa2 37. Ne4 a5 38. Kd4 Rc2 39.
Rg8 Rc4+ 40. Ke5 Rc2 41. Nd6+ Kb4 42. Rb8+ Ka3 43. g4 Nc5 44. Rb1 Rg2 45. Kf5
Rf2+ 46. Kg6 a4 47. g5 Ka2 48. Rb5 Ne6 49. Ne4 Rg2 50. Kf6 Nxg5 1/2-1/2

[Event "Guernsey Open"]
[Site "Guernsey GCI"]
[Date "2006.10.16"]
[Round "2"]
[White "Hamperl, Fred"]
[Black "Fraser, Mark Gordon"]
[Result "1-0"]
[WhiteElo "2027"]
[BlackElo "2191"]
[PlyCount "61"]
[EventDate "2006.10.15"]

1. e4 e6 2. d4 d5 3. exd5 exd5 4. c4 Bb4+ 5. Nc3 Ne7 6. Bd3 Bf5 7. Nf3 Bxd3 8.
Qxd3 dxc4 9. Qxc4 Nbc6 10. O-O O-O 11. Bg5 h6 12. d5 Bxc3 13. dxc6 hxg5 14.
cxb7 Bf6 15. Rad1 Qe8 16. bxa8=Q Qxa8 17. Rfe1 Ng6 18. b3 Nf4 19. Qe4 Qc8 20.
h4 Qg4 21. Nxg5 Bxg5 22. hxg5 Qxg5 23. Re3 Qg4 24. Rd4 g5 25. Rg3 f5 26. Rxg4
fxe4 27. Rxg5+ Kh7 28. Rxe4 Kh6 29. Rg3 Rf6 30. Rf3 Kg5 31. Rfxf4 1-0